Agencias reguladoras : monografías /
Guardado en:
| Autor Principal: | |
|---|---|
| Formato: | Libro |
| Idioma: | Spanish |
| Publicado: |
Santiago :
Thomson Reuters,
2019.
|
| Edición: | 1a. ed. |
| Materias: | |
| Etiquetas: |
Agregar Etiqueta
Sin Etiquetas, Sea el primero en etiquetar este registro!
|
| LEADER | 00794nam a22001695a 4500 | ||
|---|---|---|---|
| 001 | DER.der014581 | ||
| 008 | 200219s2019####cl############000#0#spa#d | ||
| 005 | 20251204143952.0 | ||
| 245 | 1 | 0 | |a Agencias reguladoras : |b monografías / |c Críspulo Marmolejo Gónzalez. |
| 250 | |a 1a. ed. | ||
| 260 | |a Santiago : |b Thomson Reuters, |c 2019. | ||
| 300 | |a 220 p. | ||
| 505 | 0 | |a La cuestión sobre el modelo de agencia -- ¿Cómo el Análisis económico del derecho puede contribuir a la configuración de un modelo de agencias? -- Buscando modelos y soluciones óptimos -- ¿Cómo armonizar la noción de estado regulador con la elección de modelos de Agencias? | |
| 020 | |a 9789564000299 | ||
| 100 | 1 | |a Marmolejo González, Críspulo. | |
| 653 | |a DERECHO ECONÓMICO | ||
| 859 | |a DERECHO |b BIB. DERECHO |h 330.134 |i MAR |p 009872 | ||
